000 00788cam a2200181 4500
008 000000n2001 000 0 eng u
035 _a(Sirsi) u110548
245 _aCountryside plan promises 'quiet revolution'
260 _c2001
490 _aFinancial Times
_v 23 January 2001, 8(1)
520 _aThe Countryside Agency has revealed its new strategy to help revitalise the English countryside. This strategy will guide the work of the agency in tackling rural deprivation, regenerating market towns and villages as rural centres and encourage a stronger regional dimension in the work of national organisations.
650 _aCOUNTRYSIDE AGENCY
650 _aRURAL REGENERATION
650 _aRURAL DEPRIVATION
650 _aMARKET TOWNS
690 _aRural
_96268
942 _n0
999 _c65903
_d65903